Municípios do Estado do Acre - Statistics

Estatísticas Gerais
  • Esse quiz foi jogado 38 vezes
  • A pontuação média é 14 de 22
Estatísticas das Respostas
Resposta % Correto
Rio Branco
95%
Brasileia
81%
Cruzeiro do Sul
76%
Epitaciolândia
76%
Acrelândia
71%
Assis Brasil
71%
Senador Guiomard
71%
Xapuri
71%
Feijó
67%
Sena Madureira
67%
Bujari
62%
Capixaba
62%
Marechal Thaumaturgo
62%
Plácido de Castro
62%
Porto Walter
62%
Santa Rosa do Purus
62%
Tarauacá
62%
Jordão
52%
Mâncio Lima
52%
Manoel Urbano
52%
Porto Acre
52%
Rodrigues Alves
48%
Nenhum quiz correspondente encontrado
Distribuição das Pontuações
Porcentagem de Pessoas com Cada Pontuação
Percentil de Números Respondidos
Sua Pontuação Histórica
Você não jogou esse quiz